LEADER 01716nam--2200481---450- 001 990001259190203316 005 20051028152712.0 010 $a2130357555 035 $a000125919 035 $aUSA01000125919 035 $a(ALEPH)000125919USA01 035 $a000125919 100 $a20031113d1979----km-y0itay0103----ba 101 0 $afre 102 $aFR 105 $aa|||||||001yy 200 1 $aDu temps biologique au temps psychologique$e[17.] symposium de l'Association de psychologie scientifique de langue francaise (Poitiers, 1977)$fpar P. Fraisse ... [et al.]$gavec la partecipation de P. Bovet ... [et al.] 210 $aParis$cPresses universitaires de France$d1979 215 $a386 p.$cill.$d21 cm 225 2 $aPsychologie d'aujourd'hui 410 0$12001$aPsychologie d'aujourd'hui 454 1$12001 461 1$1001-------$12001 606 0 $aTempo$xPercezione$xCongressi$z1977 606 0 $aPsicologia sperimentale$xCongressi$z1970 606 0 $aCongressi$yPoitiers$z1977 676 $a153.753 702 $aBOVET,$bPierre 702 1$aFRAISSE,$bPaul 710 02$aAssociation de psychologie scientifique de langue francaise$0556891 801 0$aIT$bsalbc$gISBD 912 $a990001259190203316 951 $aII.3. Coll.36/ 15(VI ps B Coll 35/15)$b13999 L.M.$cVI ps 959 $aBK 969 $aUMA 979 $aSIAV6$b10$c20031113$lUSA01$h1148 979 $aSIAV6$b10$c20031113$lUSA01$h1153 979 $aSIAV6$b10$c20031113$lUSA01$h1154 979 $aSIAV6$b10$c20031113$lUSA01$h1202 979 $aPATRY$b90$c20040406$lUSA01$h1730 979 $aCOPAT2$b90$c20051028$lUSA01$h1527 996 $aDu temps biologique au temps psychologique$9986424 997 $aUNISA LEADER 02232nam 2200541z- 450 001 9910557248303321 005 20211118 035 $a(CKB)5400000000041465 035 $a(oapen)https://directory.doabooks.org/handle/20.500.12854/74111 035 $a(oapen)doab74111 035 $a(EXLCZ)995400000000041465 100 $a20202111d2020 |y 0 101 0 $aeng 135 $aurmn|---annan 181 $ctxt$2rdacontent 182 $cc$2rdamedia 183 $acr$2rdacarrier 200 00$aAlternative Splicing Regulation in Plants 210 $cFrontiers Media SA$d2020 215 $a1 online resource (175 p.) 311 08$a2-88963-974-6 330 $aThis eBook is a collection of articles from a Frontiers Research Topic. Frontiers Research Topics are very popular trademarks of the Frontiers Journals Series: they are collections of at least ten articles, all centered on a particular subject. With their unique mix of varied contributions from Original Research to Review Articles, Frontiers Research Topics unify the most influential researchers, the latest key findings and historical advances in a hot research area! Find out more on how to host your own Frontiers Research Topic or contribute to one as an author by contacting the Frontiers Editorial Office: frontiersin.org/about/contact 606 $aBotany & plant sciences$2bicssc 606 $aScience: general issues$2bicssc 610 $aadaptation 610 $adevelopment 610 $aenvironment 610 $aevolution 610 $aflowering 610 $agermination 610 $asplicing factor 610 $astress 615 7$aBotany & plant sciences 615 7$aScience: general issues 700 $aPetrillo$b Ezequiel$4edt$01287890 702 $aKalyna$b Maria$4edt 702 $aSimpson$b Craig G$4edt 702 $aTu$b Shih-Long$4edt 702 $aKiran Mandadi$b Kranthi$4edt 702 $aPetrillo$b Ezequiel$4oth 702 $aKalyna$b Maria$4oth 702 $aSimpson$b Craig G$4oth 702 $aTu$b Shih-Long$4oth 702 $aKiran Mandadi$b Kranthi$4oth 906 $aBOOK 912 $a9910557248303321 996 $aAlternative Splicing Regulation in Plants$93020532 997 $aUNINA